| 000 | 00000nam##2200000za#4500 |
| 001 | 9.695473 |
| 003 | CaOODSP |
| 005 | 20210624234607 |
| 007 | cr ||||||||||| |
| 008 | 150407|2010||||xxc|||||o f|0| 0 eng|d |
| 020 | |a978-1-100-19936-8 |
| 040 | |aCaOODSP|beng |
| 043 | |an-cn--- |
| 086 | 1 |aPS4-93/2010E-PDF |
| 110 | 1 |aCanada. |bPublic Safety Canada. |
| 245 | 10|aCommunity effects of law enforcement countermeasures against organized crime : |h[electronic resource]|ba retrospective analysis / |cby Thomas Gabor ... [et al.]. |
| 260 | |aOttawa - Ontario : |bPublic Safety Canada |c2010. |
| 300 | |a254p.|bfig., graph, references, tables |
| 500 | |a"Report no. 006, 2010"--p. 1 of 254. |
| 590 | |a12-05-Supp|b2012-03-02 |
| 720 | 1 |aGabor, Thomas |
| 775 | 08|tImpact des mesures de répression contre le crime organisé, sur la collectivité : |w(CaOODSP)9.639609 |
| 856 | 40|ahttp://publications.gc.ca|qPDF|s1.91 MB|uhttps://publications.gc.ca/collections/collection_2012/sp-ps/PS4-93-2010-eng.pdf |